| 000 | 01385cam a22003977a 4500 | ||
|---|---|---|---|
| 001 | 12561124 | ||
| 003 | OSt | ||
| 005 | 20140310181910.0 | ||
| 008 | 011011s2001 nyua 001 0 eng | ||
| 010 | _a 2001275846 | ||
| 020 | _a0789472910 (pbk.) | ||
| 035 | _a(OCoLC)ocm47109412 | ||
| 040 |
_aIOU _cIOU _dFVC _dDLC |
||
| 042 | _alccopycat | ||
| 050 | 0 | 0 |
_aQA 76.754 _b.As823 2001 |
| 082 | 0 | 0 |
_aTR 004.02E _221 _bAs3 2001 |
| 100 | 1 | _aAshdown, Andy. | |
| 245 | 1 | 0 |
_aInstalling software : _cAndy Ashdown & Andrew Easton. |
| 250 | _a1st American ed. | ||
| 260 |
_aNew York, N.Y. : _bDorling Kindersley, _cc2001. |
||
| 300 |
_a72 p. : _bcol. ill. ; _c18 cm. |
||
| 440 | 0 |
_aEssential computers. _pGood practice |
|
| 500 | _aIncludes index. | ||
| 520 | _a1. Computer software. 2. Software Maintenance | ||
| 521 | _aFaculty | ||
| 541 | _j1 | ||
| 562 | _e1 | ||
| 650 | 0 | _aComputer software. | |
| 650 | 0 | _aSoftware maintenance. | |
| 700 | 1 | _aEaston, Andrew. | |
| 856 | 4 | 2 |
_3Contributor biographical information _uhttp://www.loc.gov/catdir/enhancements/fy0721/2001275846-b.html |
| 856 | 4 | 2 |
_3Publisher description _uhttp://www.loc.gov/catdir/enhancements/fy0721/2001275846-d.html |
| 906 |
_a7 _bcbc _ccopycat _d2 _encip _f20 _gy-gencatlg |
||
| 942 |
_2lcc _cBK-TR _kTR |
||
| 999 |
_c6455 _d6455 |
||